[Event "RUS-ch Youth U21 Boys 2017"]
[Site "Loo"]
[Date "2017.04.23"]
[Round "4"]
[White "Zakhartsov, Vladimir"]
[Black "Yuffa, Daniil"]
[Result "1/2-1/2"]
[WhiteElo "2470"]
[BlackElo "2521"]
[Annotator "TA"]
[PlyCount "80"]
[EventDate "2017.??.??"]
[EventType "tourn"]
[EventCountry "RUS"]
[SourceTitle "playchess.com"]
[Source "ChessBase"]
[SourceQuality "1"]

{[%evp 22,80,-5,-13,-8,-4,0,-18,-12,-16,0,-7,0,0,0,0,0,0,0,0,32,0,71,75,179,40,128,121,124,114,113,113,126,122,250,0,0,0,0,0,0,0,0,0,0,0,0,0,0,0,0,0,0,0,0,0,0,0,0,0,0]} 1. e4 c6 2. d4 d5 3. Nc3 dxe4 4. Nxe4 Bf5 5. Ng3 Bg6 6. Nh3 Nf6 7. Nf4 e5 8. Nxg6 hxg6 9. Be3 {B18: Classical Caro-Kann: 4...Bf5 sidelines} (9. dxe5 Qa5+ 10. c3 Qxe5+ 11. Qe2 Nbd7 12. Bf4 Qxe2+ 13. Bxe2 Bc5 14. O-O O-O-O 15. h3 Nd5 16. Bg5 Rde8 17. Bc4 N7b6 {½-½ (52) Martirosyan,H (2516)-Hovhannisyan,R (2631) Yerevan 2017}) 9... Nbd7 10. Qd2 exd4 11. Bxd4 Bc5 12. O-O-O {LiveBook: 3 Games} Bxd4 13. Qxd4 O-O 14. Kb1 $146 (14. h4 Qa5 15. Kb1 Rad8 16. Be2 Qc5 {½-½ (55) Palit,S (2333)-Prakash,G (2428) Hyderabad 2006}) 14... Qa5 15. Be2 Rad8 16. a3 Ne5 17. Qf4 Rfe8 18. Ne4 Nd5 19. Qh4 f6 20. Qg3 Qb6 {Threatens to win with ...Nf7.} 21. Ka2 g5 (21... Kf8 $11 {keeps the balance.}) 22. h4 $1 $16 {[%cal Bh2h4,Bh4g5][%mdl 32] [#]} Nf4 (22... g4 $1 $16 {[%mdl 512]}) 23. Bf3 ({White should play} 23. hxg5 $18 Nxe2 24. Qh4 (24. Rxd8 Qxd8 25. Qh4 Kf7 26. gxf6 Qd5+ 27. Kb1 Ng6 $11) 24... Rxd1 25. Qh7+ Kf7 26. Rxd1) 23... Nxf3 (23... Rxd1 24. Rxd1 Nxf3 25. Qxf3 $16) (23... Nc4 $1 $14 24. b3 Qa6) 24. gxf3 Rxd1 25. Rxd1 Rd8 ({Don't go for} 25... Ne2 $2 26. Qh3 (26. Qg4 Qc7 $18) 26... Nf4 27. Qd7 $18) 26. Rh1 $1 Qd4 27. hxg5 Qd5+ {[#]} (27... fxg5 $16 {was necessary.} 28. b3 (28. Qxg5 Qd5+ 29. Qxd5+ Rxd5 $16) (28. Nxg5 Nh5 29. Qg1 Qc4+ 30. Kb1 Qe2 $16) 28... Qe5) 28. Kb1 $2 (28. c4 $1 $18 {[%mdl 512]} Qxc4+ 29. Ka1 fxg5 30. Qxg5) 28... Ne2 $1 $36 {[%cal Re2g3][%mdl 2048] The position is equal. Black fights for an advantage.} 29. Qh4 {aiming for Nxf6+!} Qd1+ $1 30. Rxd1 Rxd1+ 31. Ka2 Nc1+ 32. Kb1 Nb3+ 33. Ka2 Nc1+ 34. Kb1 Nb3+ 35. Ka2 Nc1+ 36. Kb1 Nb3+ 37. Ka2 Nc1+ 38. Kb1 Nd3+ 39. Ka2 Nc1+ 40. Kb1 Nb3+ 1/2-1/2

[Event "RUS-ch Youth U21 Boys 2017"]
[Site "Loo"]
[Date "2017.04.23"]
[Round "4"]
[White "Sarana, Alexey"]
[Black "Kozionov, Kirill"]
[Result "1/2-1/2"]
[WhiteElo "2464"]
[BlackElo "2440"]
[Annotator "TA"]
[PlyCount "86"]
[EventDate "2017.??.??"]
[EventType "tourn"]
[EventCountry "RUS"]
[SourceTitle "playchess.com"]
[Source "ChessBase"]
[SourceQuality "1"]

{[%evp 15,86,-6,-4,-33,-31,-77,-73,-118,-119,-106,-83,-111,-82,-97,-95,-91,-80,-79,-97,-108,-107,-97,-93,-101,-77,-86,-91,-78,-62,-93,-89,-88,-93,-94,-85,-87,-94,-95,-92,-85,-92,-90,-65,-69,-17,-91,-92,-124,-128,-112,-97,-125,-63,-98,-75,-62,-63,-77,-61,-99,-58,-76,-56,-63,-58,-58,-58,-66,0,-68,0,-71,0]} 1. d4 d5 2. Nf3 Nf6 3. Bf4 e6 4. e3 c5 5. c3 Bd6 6. Bg3 O-O 7. Nbd2 Qc7 8. Bd3 Nbd7 9. e4 {Black must now prevent e5. D02: 1 d4 d5 2 Nf3 sidelines, including 2...Nf6 3 g3 and 2...Nf6 3 Bf4} (9. Bxd6 Qxd6 10. O-O e5 11. e4 exd4 12. cxd4 cxd4 13. Re1 Nc5 14. e5 Qb6 15. Qc2 Nxd3 16. Qxd3 Ne4 17. Nxe4 {1-0 (54) Rambaldi,F (2544)-Studer,N (2462) Biel 2016}) 9... cxd4 10. Nxd4 {Strongly threatening Nb5.} Nc5 11. Qe2 $146 {aiming for Nb5.} (11. Bc2 Bxg3 12. hxg3 dxe4 13. Qe2 e5 14. N4b3 Bg4 15. Qc4 Rac8 16. Qxc5 Qxc5 17. Nxc5 Rxc5 18. Nxe4 Nxe4 19. Bxe4 {0-1 (50) Barva,A (2300)-Horvath,P (2415) Aggtelek 1997}) 11... Bxg3 (11... Nxd3+ $6 12. Qxd3 Bxg3 13. hxg3 $15 (13. Qxg3 e5 14. N4f3 Nxe4 15. Qxe5 Qxe5 16. Nxe5 Re8 $17) (13. fxg3 $2 dxe4 14. Qc4 Qb6 $19)) 12. hxg3 e5 13. N4f3 Bg4 14. O-O (14. exd5 $2 e4 15. Nxe4 Rae8 $19) 14... Rad8 15. Bc2 Rfe8 16. Rfe1 Bh5 17. Rad1 Bg6 {And now ...dxe4 would win.} 18. Nh4 Bxe4 19. Nxe4 dxe4 20. Nf5 g6 21. Ne3 a6 22. Nf1 Qc6 23. Rd2 Kg7 24. Red1 Rxd2 25. Rxd2 Re7 26. Ne3 Rd7 27. Rxd7 Qxd7 28. b4 Ne6 29. Bb3 Qd3 ({Better is} 29... Qc6 $15 30. Qc2 b5) 30. Qb2 (30. Qxd3 $11 exd3 31. f3) 30... Nc7 $17 31. c4 Qd4 32. Qc1 h6 33. a3 {[#]} Qd3 (33... a5 $1 $17 {[%mdl 512]} 34. bxa5 Ne6) 34. Qb2 Ne6 35. c5 {Threatening Bxe6.} Qd4 ({Don't go for} 35... Nd4 $2 36. Bc4 Ne2+ 37. Qxe2 $18) 36. Qa2 {[#]} Nd8 $1 37. Kh2 h5 38. Qc2 $1 Ng4+ 39. Nxg4 hxg4 40. Qe2 Qd3 41. Bc4 Qd4 42. Bb3 Qd3 43. Bc4 Qd4 ({Don't play} 43... Qxa3 44. Qd2 (44. Qxe4 Qb2 45. Kg1 Qc1+ 46. Kh2 Qb2 $17) 44... Ne6 45. Bxe6 fxe6 46. Qd7+ Kf6 47. Qxb7 $11) (43... Qxe2 $17 44. Bxe2 f5) 1/2-1/2

[Event "RUS-ch Youth U21 Boys 2017"]
[Site "Loo"]
[Date "2017.04.23"]
[Round "4"]
[White "Sorokin, Aleksey"]
[Black "Faizrakhmanov, Ramil"]
[Result "1-0"]
[WhiteElo "2445"]
[BlackElo "2436"]
[Annotator "TA RC"]
[PlyCount "113"]
[EventDate "2017.??.??"]
[EventType "tourn"]
[EventCountry "RUS"]
[SourceTitle "playchess.com"]
[Source "ChessBase"]
[SourceQuality "1"]

{[%evp 23,113,52,77,68,74,74,74,74,74,73,80,76,106,79,74,60,68,49,103,116,113,108,117,107,130,135,129,131,134,137,154,164,161,137,206,146,125,101,182,102,158,43,140,136,120,99,106,122,282,299,300,289,337,354,410,393,452,376,364,335,348,371,356,366,343,372,351,362,362,354,350,339,432,526,510,477,29965,29967,29966,29967,29967,29968,29968,-196,29967,29969,29969,29970,29967,29965,29974,29977]} 1. d4 Nf6 2. c4 g6 3. Nc3 Bg7 4. e4 d6 5. Nf3 O-O 6. Be2 e5 7. O-O Nbd7 8. Be3 exd4 9. Nxd4 Nc5 10. f3 {E94: King's Indian: Classical: 6 Be2 e5 7 0-0: Various Black 7th moves} Re8 11. Qd2 a5 12. Rad1 Bd7 {LiveBook: 3 Games} 13. Rfe1 a4 14. Bf1 b6 15. g3 Ne6 16. Ndb5 Nc5 17. Bg2 Bc6 18. Qc2 Qb8 19. Nd4 $146 Bb7 20. Nd5 Nxd5 (20... c6 $14) 21. cxd5 $16 Qd8 22. b4 axb3 23. axb3 Qd7 24. b4 Na6 25. Qb3 Nb8 26. Bf1 Qe7 27. Rc1 Ba6 28. Bxa6 Nxa6 (28... Rxa6 $16 {was necessary.} 29. Re2 Rc8) 29. Qc4 Qd7 30. Nc6 f5 (30... Qh3 $16) 31. Bd4 (31. exf5 $18 Qxf5 32. Bd4 Bxd4+ 33. Nxd4 (33. Qxd4 Qf7 $16) 33... Rxe1+ 34. Rxe1) 31... fxe4 (31... b5 $142 32. Qxb5 Bxd4+ 33. Nxd4 Qxb5 34. Nxb5 fxe4) 32. fxe4 (32. Rxe4 $16 Rxe4 33. fxe4) 32... Nb8 (32... b5 $1 $14 33. Qxb5 Bxd4+ 34. Nxd4 Qxb5 35. Nxb5 Nxb4) 33. Bxg7 Qxg7 34. Nd4 $36 {[%mdl 2048] Black must now prevent Ne6. White has strong initiative.} Nd7 35. Ne6 Rxe6 $2 (35... Qe5 $16 36. Nxc7 (36. Qxc7 Nf8 $16) 36... Rac8) 36. dxe6 $18 Ne5 37. Qb3 (37. Qxc7 Nf3+ 38. Kf2 Nxe1 39. Kxe1 Qd4 40. Qf7+ Kh8 $11) 37... Qe7 38. b5 Re8 39. Rf1 h5 40. Rf4 Kg7 41. Qc3 Qxe6 42. Qxc7+ Kh6 43. Qc3 (43. Qxb6 Nd3 $16) (43. Rd1 Nc4 44. Rd5 Rc8 $18) 43... Re7 44. Qe3 {Strongly threatening Rf6+.} Kh7 45. Rf8 ({Less strong is} 45. Qxb6 Nd3 46. Rcf1 Nxf4 47. Rxf4 g5 $14) 45... Nd7 46. Rd8 Ne5 47. Rf1 Nf7 48. Rb8 ({Worse is} 48. Qxb6 Nxd8 49. Qxd8 Qxe4 $11) 48... Qe5 49. Qf4 Qxb5 (49... Qc3 $18 50. Rf2 (50. Rxb6 Ne5 $16) 50... Rd7) 50. Qxf7+ Rxf7 51. Rxf7+ {[%mdl 4096] Endgame KQ-KRR} Kh6 52. Rh8+ $1 Kg5 {[#]} 53. h4+ $1 Kg4 {[#]} 54. Kg2 $1 {[%csl Gg3][%cal Rf7f4] White mates.} Qe2+ 55. Rf2 Qxe4+ 56. Kh2 g5 57. Rg8 1-0

[Event "RUS-ch Youth U21 Boys 2017"]
[Site "Loo"]
[Date "2017.04.24"]
[Round "5"]
[White "Paravyan, David"]
[Black "Sarana, Alexey"]
[Result "1-0"]
[WhiteElo "2534"]
[BlackElo "2464"]
[Annotator "TA"]
[PlyCount "55"]
[EventDate "2017.??.??"]
[EventType "tourn"]
[EventCountry "RUS"]
[SourceTitle "playchess.com"]
[Source "ChessBase"]
[SourceQuality "1"]

{[%evp 11,55,35,28,13,16,0,7,6,18,18,12,0,16,18,82,80,43,64,399,390,416,379,363,218,429,408,422,437,422,416,466,410,466,459,459,459,427,432,402,404,401,0,283,290,616,613]} 1. e4 c5 2. Nc3 d6 3. f4 Nc6 4. Nf3 g6 5. Bb5 Bg7 6. Bxc6+ bxc6 7. O-O {B23: Closed Sicilian: Lines without g3} (7. d3 Nf6 8. O-O O-O 9. Qe1 Nd7 10. Kh1 e5 11. f5 gxf5 12. Nh4 f4 13. g3 c4 14. Nf5 cxd3 15. gxf4 Nc5 16. Nxg7 Kxg7 17. b4 Nd7 18. cxd3 {½-½ (50) Rapport,R (2717)-Tan,Z (2496) Danzhou 2016}) 7... c4 8. Qe2 Ba6 9. b4 $146 {The position is equal.} (9. e5 d5 10. Re1 e6 11. b3 Ne7 12. Ba3 O-O 13. Qf2 Re8 14. Na4 Bb5 {½-½ (29) Balakhontsev,E (1942)-Kutlyarov,A (2117) Ufa 2009}) 9... Qb6+ 10. Kh1 Qxb4 11. Rb1 Qa5 12. e5 {Strongly threatening exd6.} d5 (12... Nh6 $11) 13. f5 $36 {[%mdl 2048] Keeping Black busy.} gxf5 14. Nd4 {[%cal Bf3d4,Bd4e6,Be6g5][%mdl 32]} e6 $2 {[%mdl 8192] [#]} (14... Qc7 $1 $14) 15. Qh5 $1 $18 (15. Nxc6 Qc5 16. Nb4 Bb7 $11) 15... Ne7 {And now ...0-0 would win.} 16. Nxe6 $1 Bxe5 17. Ng5 Ng6 $2 (17... Rf8 {was worth a try.}) 18. Rxf5 f6 {[#]} 19. Rxe5+ $1 {[%mdl 512]} (19. Nxh7 O-O-O $18) 19... fxe5 20. Nxh7 Rg8 21. Nf6+ Kf7 22. Nxg8 Rxg8 23. Qf5+ Kg7 24. Qd7+ Kh8 25. Qh3+ ({Much less strong is} 25. Qxc6 Bc8 26. Nxd5 Qa6 $18) ({But not} 25. Qxa7 Qd8 26. Qxa6 Qg5 $18) 25... Kg7 26. Qd7+ Kh8 27. Qxc6 Rf8 $2 (27... Bc8 28. Nxd5 Qa6) 28. Ba3 1-0

[Event "RUS-ch Youth U21 Boys 2017"]
[Site "Loo"]
[Date "2017.04.24"]
[Round "5"]
[White "Yuffa, Daniil"]
[Black "Sorokin, Aleksey"]
[Result "0-1"]
[WhiteElo "2521"]
[BlackElo "2445"]
[Annotator "TA"]
[PlyCount "110"]
[EventDate "2017.??.??"]
[EventType "tourn"]
[EventCountry "RUS"]
[SourceTitle "playchess.com"]
[Source "ChessBase"]
[SourceQuality "1"]

{[%evp 11,110,0,0,0,0,0,0,-45,-5,-9,-8,-23,-14,-13,-5,-3,-5,-7,0,0,0,0,0,0,0,-33,-32,-81,-59,-65,-60,-58,-73,-84,-91,-74,-43,-99,-91,-93,-101,-149,-147,-138,-137,-147,-111,-143,-143,-160,-160,-212,-169,-241,-230,-266,-218,-218,-219,-221,-219,-219,-219,-218,-217,-224,-208,-208,-208,-208,-214,-208,-207,-263,-258,-259,-257,-282,-260,-471,-468,-472,-472,-472,-452,-472,-455,-455,-442,-544,-544,-544,-544,-544,-533,-533,-519,-504,-497,-495,-441]} 1. Nf3 Nf6 2. c4 g6 3. Nc3 d5 4. cxd5 Nxd5 5. h4 Bg7 {A16: English Opening: 1...Nf6 with ...d5} 6. h5 Nc6 {LiveBook: 47 Games} 7. e4 Nb6 {The position is equal.} 8. Bb5 Bg4 9. d4 $146 {[#] h6 is the strong threat.} (9. h6 Bf6 10. d4 Bxf3 11. Qxf3 Qxd4 12. Be3 Qd6 13. Bf4 Qe6 14. O-O O-O 15. Bxc6 bxc6 16. Rfe1 {½-½ (16) Vallejo Pons,F (2705)-Svidler,P (2755) Porto Carras 2011}) 9... Bxf3 10. Qxf3 {Threatens to win with hxg6.} Qxd4 11. h6 {Strongly threatening Be3.} Be5 12. O-O O-O 13. Bxc6 bxc6 14. Rd1 $132 {[%mdl 2048] White puts up resistance (4)} Qc4 15. Bf4 Qe6 16. Qg3 f6 17. Bxe5 Qxe5 18. Ne2 Qxe4 19. Nd4 Rfd8 20. Qb3+ Qd5 $1 21. Nxc6 Qxb3 22. Rxd8+ Rxd8 23. axb3 $15 {[%mdl 4096] Endgame KRN-KRN} Rd6 24. Nxa7 ({Better is} 24. Nxe7+ $15 Kf7 25. Re1) 24... Kf7 $17 25. Rc1 Nd5 26. Nc6 g5 27. b4 Kg6 28. b5 Kxh6 29. g3 Kg6 30. Ra1 h5 31. Ra8 (31. Rc1 $17 {was necessary.}) 31... h4 32. gxh4 (32. Rg8+ $142 Kf7 33. Rh8) 32... gxh4 $19 33. Kg2 Nf4+ 34. Kf3 e5 35. Ne7+ Kf7 36. Nf5 Rd3+ 37. Ke4 Rb3 38. Nxh4 Rb4+ 39. Kf3 Rxb5 40. Ra7 Rb3+ ({Don't do} 40... Rxb2 41. Rxc7+ Ke8 42. Nf5 $17) 41. Kg4 Ne6 ({But not} 41... Rxb2 42. Rxc7+ Ke8 43. Rc6 $17) 42. Nf5 Rxb2 43. Kg3 Rc2 44. Rb7 Nd4 45. Nd6+ $2 {[#]} (45. Ne3 Rc3 46. Kg2) 45... Kg6 {Black is clearly winning.} 46. Nc8 Nf5+ 47. Kf3 Nd6 48. Rb8 Nxc8 49. Rxc8 {KR-KR} Kf5 50. Rf8 Rc3+ 51. Ke2 Ke6 52. Kd2 Rc6 53. Rc8 Kd7 54. Ra8 Rd6+ 55. Ke3 c5 0-1

[Event "RUS-ch Youth U21 Boys 2017"]
[Site "Loo"]
[Date "2017.04.24"]
[Round "5"]
[White "Lomasov, Semen"]
[Black "Esipenko, Andrey"]
[Result "1/2-1/2"]
[WhiteElo "2489"]
[BlackElo "2492"]
[Annotator "TA"]
[PlyCount "52"]
[EventDate "2017.??.??"]
[EventType "tourn"]
[EventCountry "RUS"]
[SourceTitle "playchess.com"]
[Source "ChessBase"]
[SourceQuality "1"]

{[%evp 14,52,0,-28,-15,-12,-10,-6,7,-18,90,111,95,26,24,24,9,50,53,0,0,0,25,-28,-31,-110,-109,-112,-95,-122,-86,-185,-68,-72,-39,-60,0,-87,0,-91,0]} 1. e4 e5 2. Nf3 Nc6 3. Bc4 Bc5 4. b4 Bxb4 5. c3 Ba5 6. d4 d6 7. Qb3 Qd7 8. Nbd2 {LiveBook: 17 Games. C52: Evans Gambit Accepted: 5 c3 Ba5} (8. O-O Bb6 9. Bb5 a6 10. Ba4 Ba7 11. Na3 Nge7 12. d5 b5 13. Nxb5 axb5 14. Bxb5 O-O 15. dxc6 Qg4 16. Qc2 {0-1 (48) Li,C (2751)-Ding,L (2766) Huaian 2016}) 8... exd4 9. cxd4 Nf6 10. O-O {The position is equal.} O-O 11. e5 Ng4 $146 (11... Nh5 $11 {remains equal.}) (11... Bxd2 12. exf6 Na5 13. Qd3 Nxc4 14. fxg7 Re8 15. Nxd2 Nb6 {½-½ (37) Salvador Marques,C (2424)-Strautins,U (2452) ICCF email 2008}) 12. h3 $16 Nh6 {[%cal Bg4h6,Bh6f5,Bf5d4][%mdl 32]} 13. exd6 (13. Ne4 $16 {Hoping for Bxh6.} Nf5 14. Neg5) 13... cxd6 $11 (13... Qxd6 14. d5 Ne7 15. Ba3 $14) 14. d5 Ne5 15. Nxe5 dxe5 16. Bb5 (16. Nf3 $1 $14) 16... Qd8 17. Nc4 Nf5 {Strongly threatening ...a6.} 18. Ba3 (18. Nxe5 Nd4 19. Qc4 Nxb5 20. Qxb5 Bc3 $15) ({White should try} 18. Nxa5 Qxa5 19. Bb2) 18... Nd4 19. Qa4 (19. Qd1 $15) 19... Bxh3 $17 20. gxh3 (20. Qxa5 Qg5 21. g3 Nf3+ 22. Kh1 Qh5 23. Qd8 Raxd8 24. Be7 Bxf1+ 25. Bh4 Qg4 $1 {[%mdl 512]} 26. Bd7 Rxd7 27. Rxf1 Qh3#) (20. Bxf8 $2 Bxg2 21. Qa3 (21. Nxa5 $2 Qh4 22. f4 Bxd5 $19) (21. Kxg2 Qg5+ 22. Kh3 Qh5+ 23. Kg3 Ne2+ 24. Kg2 Nf4+ 25. Kg1 Qg6+ 26. Kh2 Qg2#) 21... Bxf1 $19) 20... Qg5+ 21. Kh1 Qh5 {[%mdl 1024] Black has strong compensation.} 22. Kg2 {With the idea Qd1.} (22. Bd7 f5 $1 {[%mdl 512]} 23. Kh2 Nf3+ 24. Kg2 Rf6 25. Be6+ Kh8 $19) 22... Qf3+ (22... a6 23. Bd7 (23. Nxa5 $2 Qf3+ 24. Kh2 axb5 $19) (23. Qd1 Qg6+ 24. Qg4 axb5 25. Qxg6 hxg6 26. Nxa5 Rfd8 $11) 23... Qf3+ 24. Kh2 $11) (22... Qg6+ $1 $19 23. Kh1 Rfd8 24. Qxa5 (24. Nxa5 Qf5 25. Kg2 Qf3+ 26. Kh2 Qf4+ 27. Kh1 Qf5 $17) 24... Qf5) 23. Kh2 $15 Qf4+ 24. Kg2 $1 (24. Kh1 Nf3 $1 {[%mdl 512]} 25. Kg2 Nh4+ 26. Kh1 Qf3+ 27. Kh2 Qg2#) 24... Qf3+ 25. Kh2 Qf4+ 26. Kg2 $1 (26. Kh1 {[#] gets mated.} Nf3 $1 {[%mdl 512]} 27. Kg2 Nh4+ 28. Kh1 Qf3+ 29. Kh2 Qg2#) 26... Qf3+ ({Don't play} 26... a6 $6 27. Bd7 $11) (26... Rfd8 $17 {aiming for ...Bc3.} 27. Qxa5 (27. Nxa5 Qf3+ 28. Kh2 a6 $15) 27... Qg5+ 28. Kh1 Qf5) 1/2-1/2

[Event "RUS-ch Youth U21 Boys 2017"]
[Site "Loo"]
[Date "2017.04.24"]
[Round "5"]
[White "Kozionov, Kirill"]
[Black "Zakhartsov, Vladimir"]
[Result "1-0"]
[WhiteElo "2440"]
[BlackElo "2470"]
[Annotator "TA"]
[PlyCount "179"]
[EventDate "2017.??.??"]
[EventType "tourn"]
[EventCountry "RUS"]
[SourceTitle "playchess.com"]
[Source "ChessBase"]
[SourceQuality "1"]

{[%evp 10,179,18,25,30,22,40,18,16,14,18,25,20,22,27,29,34,50,43,43,58,41,52,31,43,39,41,41,42,26,55,64,67,67,69,70,73,69,86,59,103,85,103,73,81,65,81,73,212,110,114,155,202,202,202,202,202,202,202,202,202,202,202,202,195,195,195,195,310,310,310,310,310,310,310,338,337,310,310,310,310,317,302,328,343,277,339,343,348,348,355,378,445,374,659,338,508,195,364,195,195,0,195,195,195,195,195,195,195,195,195,195,195,195,739,739,670,657,627,542,893,849,672,694,1224,1272,1332,1313,1230,534,927,728,1195,898,2048,1833,5131,3007,2972,2046,5069,6053,5081,5027,2800,2174,6091,6087,5410,4782,2862,2731,2422,1729,29977,29978,29977,29978,29977,29978,29977,29978,29979,29981,29983,29984,29984,29985,29986,29987,29987,29987]} 1. e4 c5 2. b3 Nc6 3. Bb2 e6 4. Nf3 d6 5. d4 cxd4 6. Nxd4 e5 {B50: Sicilian: 2...d6, Miscellaneous} (6... Nf6 7. Bd3 Be7 8. O-O O-O 9. c4 a6 10. Nd2 Qc7 11. Rc1 Bd7 12. Kh1 Rac8 13. f4 Qb6 14. Nc2 Rfd8 15. Rf3 {1-0 (61) Ivanchuk,V (2710)-Movsesian,S (2653) Huaian 2016}) 7. Nxc6 bxc6 8. g3 Nf6 {The position is equal.} 9. Bg2 Be7 10. c4 O-O 11. O-O Bg4 $146 (11... c5 12. f4 Qc7 13. Nc3 Bb7 14. Qd3 {½-½ (39) Dinger,F (2391)-Ambarcumova,K (2274) Pardubice 2009}) 12. Qd2 Qc8 13. Nc3 Rd8 14. Rae1 h5 15. f3 Bh3 16. f4 Qg4 17. Bxh3 Qxh3 18. Qg2 Qxg2+ 19. Kxg2 Nd7 20. Rd1 Nc5 21. Ba3 Bf6 {With the idea ...exf4.} 22. f5 a5 23. Rf2 Be7 24. Rfd2 Kf8 25. Kf3 Ke8 26. h4 Nb7 27. Na4 f6 28. Kg2 Nc5 (28... Kf7 $16) 29. Nxc5 (29. Bxc5 $1 $18 dxc5 30. Rxd8+ Rxd8 31. Rxd8+ Kxd8 32. Kf3) 29... dxc5 $16 30. Rxd8+ $1 Rxd8 31. Rxd8+ Kxd8 $18 {[%mdl 4096] Endgame KB-KB} 32. g4 hxg4 33. Kg3 Ke8 34. Kxg4 Kf7 35. Bc1 Bd6 36. Kf3 Ke8 37. Bd2 Bc7 38. Ke2 Kd7 (38... Ke7 $142 39. Kd1 Kd7) 39. Kd3 Kc8 40. Kc2 Kb7 41. Kb2 Bd8 42. Ka3 Ka6 43. Ka4 Bc7 44. Bc1 Bd8 45. Be3 Be7 46. Bf2 Bd6 47. Be1 Bc7 48. Bd2 Bd8 49. Ka3 Kb7 50. Kb2 Kc8 51. Kc2 Kd7 $2 (51... Kb7 52. Bc1 Kb8) 52. Kd1 Bc7 (52... Kc8 $142 53. Kc2 Bc7) 53. Ke1 $2 (53. Be3 Bb6 54. Ke2) 53... Bd8 $2 (53... Ke8 54. Kf2 Ke7) 54. Kf2 (54. Be3 $142 Kd6 55. Ke2) 54... Bc7 55. Kf3 Ke8 $1 56. Kg2 Kf7 57. Kh3 Ke8 58. Kg3 Bd8 59. Be1 Bc7 60. Kf3 Bd8 61. Ke3 Kd7 $2 (61... Kf7 62. Bd2 Ke8) 62. Kd3 Kc8 63. Kc2 Kb7 64. Kb2 Bc7 65. Ka3 Ka6 66. Ka4 Bd8 67. a3 {[%cal Ba2a3,Ba3b4,Bb4b5][%mdl 32]} Bc7 68. Bc3 Bd8 69. Bd2 (69. b4 $142 axb4 70. axb4) 69... Bc7 70. b4 axb4 71. axb4 Bd6 72. b5+ Kb7 73. Ba5 Be7 74. Be1 Kb6 75. bxc6 Kxc6 {[#]} 76. Ka5 $1 {[%cal Ra5a6]} Bd6 77. Ka6 Bb8 78. Ba5 Bd6 79. Ka7 Bf8 80. Kb8 Kd7 81. Kb7 g5 82. fxg6 {White mates.} Ke6 83. Bd2 f5 84. exf5+ Kxf5 85. h5 e4 86. Bc3 e3 {[#]} 87. g7 $1 Bxg7 88. Bxg7 Ke4 89. Bc3 Kd3 90. Be1 1-0

[Event "RUS-ch Youth U21 Boys 2017"]
[Site "Loo"]
[Date "2017.04.24"]
[Round "5"]
[White "Faizrakhmanov, Ramil"]
[Black "Khegay, Dmitriy"]
[Result "1/2-1/2"]
[WhiteElo "2436"]
[BlackElo "2477"]
[Annotator "TA"]
[PlyCount "95"]
[EventDate "2017.??.??"]
[EventType "tourn"]
[EventCountry "RUS"]
[SourceTitle "playchess.com"]
[Source "ChessBase"]
[SourceQuality "1"]

{[%evp 14,95,44,17,30,22,43,36,48,36,54,10,50,41,60,50,62,57,50,46,70,68,73,31,50,30,41,47,50,18,34,21,27,38,32,28,25,12,5,6,8,10,10,7,8,0,0,0,0,0,0,0,0,0,0,0,0,0,6,7,0,9,6,0,0,0,0,0,13,0,12,0,18,8,12,0,0,0,5,0,0,0,21,0]} 1. d4 d6 2. e4 Nf6 3. Nc3 c6 4. Nf3 Bg4 5. h3 Bh5 6. g4 Bg6 {B07: Pirc Defence: Miscellaneous Systems} 7. Bd3 e6 8. Qe2 {LiveBook: 7 Games} (8. g5 Nfd7 9. Be3 Bh5 10. Be2 d5 11. Nd2 Bxe2 12. Nxe2 a5 13. c3 a4 14. h4 {1-0 (32) Zhigalko,S (2671)-Zhang,Z (2645) Doha 2016}) 8... d5 9. Bg5 dxe4 $146 (9... Be7 10. Bxf6 Bxf6 11. O-O-O Be7 12. h4 Nd7 13. h5 Bxe4 14. Bxe4 dxe4 15. Nxe4 {1-0 (44) Sean,W (2385)-Vegh,E (2293) Zalakaros 2014}) 10. Nxe4 Bb4+ 11. c3 {[#] aiming for Bxf6.} Be7 12. Bxf6 (12. Nxf6+ $5 {is more complex.} gxf6 13. Bh6 Nd7 14. O-O-O Nb6 15. Kb1) 12... Bxf6 (12... gxf6 $5 {looks sharper.} 13. O-O-O Nd7 14. Kb1 Qc7 15. h4 h5) 13. h4 Bxe4 14. Bxe4 Nd7 15. g5 Be7 16. O-O-O Qa5 17. Kb1 O-O-O 18. d5 exd5 19. Bxd5 Rhe8 20. Qc4 Kb8 {[#] White must now prevent ...Nb6.} 21. Qf4+ Qc7 22. Qxc7+ Kxc7 23. Bxf7 Rf8 24. Bh5 Bc5 25. Nd4 Bxd4 $1 {The position is equal.} 26. Rxd4 {And now Re1 would win.} g6 $1 {[%cal Rg6h5]} ({Reject} 26... Rxf2 $6 27. Rhd1 $16) 27. Bd1 Rxf2 28. Re1 {next Re7 is good for White.} Rf7 $1 ({Don't play} 28... c5 $6 29. Rd5 $16) 29. h5 gxh5 30. Rh1 Nf8 31. Rxd8 Kxd8 32. Rxh5 $11 {[%mdl 4096] Endgame KRB-KRN} Rf1 33. Kc2 Ke7 34. Be2 Rf2 35. Kd1 Kf7 36. Ke1 Rf5 37. Bd3 Re5+ 38. Kd2 {Hoping for g6+!} Kg7 39. b4 Ng6 40. Bc2 Re7 41. a4 b6 42. Rh2 Nf8 43. Rh4 Re5 44. Rh5 Ng6 45. Bb1 c5 46. Bc2 cxb4 47. cxb4 Re7 48. Kc3 1/2-1/2